[Event "24. European Club Cup 2008"]
[Site "Kallithea GRE"]
[Date "2008.10.22"]
[Round "6.16"]
[White "Zagorskis, Darius"]
[Black "Beinoras, Mindaugas"]
[Result "1-0"]
[WhiteElo "2509"]
[BlackElo "2434"]
[PlyCount "75"]
[EventDate "2008.10.17"]
[EventType "team-swiss"]
[EventRounds "7"]
[EventCountry "GRE"]
[Source "lmi"]
[SourceDate "2008.10.17"]
[WhiteTeam "Vilnius"]
[BlackTeam "Panevezys"]

1. d4 Nf6 2. c4 e6 3. Nc3 d5 4. Bg5 Be7 5. e3 Nbd7 6. Nf3 O-O 7. Qc2 c6 8. Rd1
a6 9. Bd3 h6 10. Bf4 b5 11. c5 Nh5 12. b4 Nxf4 13. exf4 Qc7 14. g3 a5 15. a3
Nf6 16. O-O Bd7 17. Rfe1 axb4 18. axb4 Ra6 19. Ne5 Rb8 20. g4 Be8 21. g5 hxg5
22. fxg5 Nh5 23. h4 Nf4 24. Qc1 Nxd3 25. Rxd3 f6 26. gxf6 Bxf6 27. Qf4 Bh5 28.
Rg3 Rf8 29. Qh6 Be8 30. Rg4 Qe7 31. Ne2 Ra4 32. Nf4 Rxb4 33. Nxe6 Rxd4 34. Nxd4
Bxe5 35. Ne6 Bd4 36. Re3 Qf7 37. Rf3 Bxf2+ 38. Kh2 1-0

[Event "24. European Club Cup 2008"]
[Site "Kallithea GRE"]
[Date "2008.10.22"]
[Round "6.16"]
[White "Starostits, Ilmars"]
[Black "Malisauskas, Vidmantas"]
[Result "0-1"]
[WhiteElo "2480"]
[BlackElo "2479"]
[PlyCount "76"]
[EventDate "2008.10.17"]
[EventType "team-swiss"]
[EventRounds "7"]
[EventCountry "GRE"]
[Source "lmi"]
[SourceDate "2008.10.17"]
[WhiteTeam "Panevezys"]
[BlackTeam "Vilnius"]

1. e4 c5 2. Nf3 d6 3. c3 Nf6 4. Bd3 Nc6 5. Bc2 e5 6. h3 d5 7. exd5 Qxd5 8. d3
Bf5 9. O-O O-O-O 10. Na3 Bxd3 11. Bxd3 Qxd3 12. Qa4 Nd5 13. Nc4 Qf5 14. Be3 Be7
15. Rac1 e4 16. Nfd2 Kb8 17. Qc2 Nxe3 18. fxe3 Qe6 19. Qxe4 b5 20. Qf4+ Ka8 21.
Qxf7 Qxf7 22. Rxf7 bxc4 23. Nxc4 Bf6 24. Rc7 Rc8 25. Rd7 Rhd8 26. Rcd1 Rxd7 27.
Rxd7 Ne5 28. Nxe5 Bxe5 29. Kf2 Rb8 30. Rd2 Bf6 31. Kf3 Kb7 32. e4 Rf8 33. Kg4
Kc6 34. Rd5 a5 35. a4 g6 36. Rd2 h5+ 37. Kg3 Be5+ 38. Kh4 Bf4 0-1

[Event "24. European Club Cup 2008"]
[Site "Kallithea GRE"]
[Date "2008.10.22"]
[Round "6.16"]
[White "Bucinskas, Valdas"]
[Black "Dambrauskas, Virginijus"]
[Result "1-0"]
[WhiteElo "2325"]
[BlackElo "2338"]
[PlyCount "91"]
[EventDate "2008.10.17"]
[EventType "team-swiss"]
[EventRounds "7"]
[EventCountry "GRE"]
[Source "lmi"]
[SourceDate "2008.10.17"]
[WhiteTeam "Panevezys"]
[BlackTeam "Vilnius"]

1. e4 c6 2. d4 d5 3. exd5 cxd5 4. Bd3 Nc6 5. c3 Nf6 6. Bf4 Bg4 7. Qb3 Na5 8.
Qa4+ Bd7 9. Qc2 e6 10. Nd2 Rc8 11. Ngf3 b5 12. a3 Nc4 13. b4 Nh5 14. Bg3 Nxg3
15. hxg3 g6 16. O-O Bg7 17. Nb3 O-O 18. Nc5 Bc6 19. Rfe1 a5 20. g4 Qd6 21. Qe2
Ra8 22. g5 Ra7 23. Ne5 axb4 24. Bxc4 dxc4 25. axb4 Rfa8 26. Rxa7 Rxa7 27. Qd2
Bxe5 28. Rxe5 Ra1+ 29. Kh2 Qb8 30. Qf4 Qa8 31. f3 Ra2 32. Kg3 Rc2 33. Re3 Qd8
34. Ne4 Bxe4 35. fxe4 Qa8 36. Qc7 Qe8 37. Qe5 Qd7 38. Kh2 Rd2 39. Re1 Qa7 40.
Qxb5 Qa2 41. Qb8+ Kg7 42. Qe5+ Kg8 43. Qg3 Rd3 44. Qb8+ Kg7 45. Rf1 Rd2 46. Qf4
1-0

[Event "24. European Club Cup 2008"]
[Site "Kallithea GRE"]
[Date "2008.10.22"]
[Round "6.18"]
[White "Gharamian, Tigran"]
[Black "Ledger, Andrew J"]
[Result "1-0"]
[WhiteElo "2555"]
[BlackElo "2429"]
[PlyCount "63"]
[EventDate "2008.10.17"]
[EventType "team-swiss"]
[EventRounds "7"]
[EventCountry "GRE"]
[Source "lmi"]
[SourceDate "2008.10.17"]
[WhiteTeam "Charleroi"]
[BlackTeam "Betsson"]

1. e4 c6 2. d4 d5 3. Nc3 dxe4 4. Nxe4 Nd7 5. Ng5 Ngf6 6. Bd3 e6 7. N1f3 Be7 8.
Qe2 h6 9. Nxe6 fxe6 10. Bg6+ Kf8 11. O-O Nb6 12. Ne5 Qc7 13. c4 c5 14. Bf4 cxd4
15. Rfd1 Qc5 16. a3 a5 17. b4 axb4 18. axb4 Qxb4 19. Rab1 Qa5 20. Rxd4 Qc5 21.
Rdd1 Na4 22. Qf3 Ra6 23. Rb5 Qa7 24. Bc2 Rg8 25. Ng6+ Kf7 26. Qg3 Bd7 27. Ne5+
Ke8 28. Qg6+ Kd8 29. Nxd7 Nxd7 30. Bxa4 Bf6 31. Rxd7+ Kxd7 32. Qf7+ 1-0

[Event "24. European Club Cup 2008"]
[Site "Kallithea GRE"]
[Date "2008.10.22"]
[Round "6.18"]
[White "Ansell, Simon T"]
[Black "Eliet, Nicolas"]
[Result "1/2-1/2"]
[WhiteElo "2410"]
[BlackElo "2435"]
[PlyCount "42"]
[EventDate "2008.10.17"]
[EventType "team-swiss"]
[EventRounds "7"]
[EventCountry "GRE"]
[Source "lmi"]
[SourceDate "2008.10.17"]
[WhiteTeam "Betsson"]
[BlackTeam "Charleroi"]

1. e4 c6 2. d4 d5 3. e5 Bf5 4. Be3 e6 5. Nd2 f6 6. f4 Nd7 7. Ngf3 Nh6 8. h3
fxe5 9. dxe5 Bc5 10. Bxc5 Nxc5 11. b4 Nd7 12. Nb3 O-O 13. Qd2 Qb6 14. Bd3 c5
15. bxc5 Nxc5 16. Nxc5 Qxc5 17. Rb1 Bxd3 18. cxd3 Rac8 19. Rf1 Nf5 20. d4 Qe7
21. Rf2 Rc4 1/2-1/2

[Event "24. European Club Cup 2008"]
[Site "Kallithea GRE"]
[Date "2008.10.22"]
[Round "6.18"]
[White "Laurent, Bruno"]
[Black "Webb, Laurence E"]
[Result "1/2-1/2"]
[WhiteElo "2370"]
[BlackElo "2347"]
[PlyCount "115"]
[EventDate "2008.10.17"]
[EventType "team-swiss"]
[EventRounds "7"]
[EventCountry "GRE"]
[Source "lmi"]
[SourceDate "2008.10.17"]
[WhiteTeam "Charleroi"]
[BlackTeam "Betsson"]

1. e4 e5 2. Nf3 Nc6 3. Bb5 a6 4. Bxc6 dxc6 5. O-O Be7 6. b3 Bf6 7. Bb2 Bg4 8.
d3 Ne7 9. Nbd2 c5 10. Nc4 Nc6 11. Ne3 Be6 12. h3 Qd7 13. c4 Nd4 14. Nxd4 cxd4
15. Nd5 Bxd5 16. cxd5 O-O 17. Rc1 Rac8 18. Qg4 Qxg4 19. hxg4 Be7 20. Rc2 Bd6
21. g3 f6 22. Kg2 g6 23. f4 Rf7 24. Kf3 Kg7 25. Rc4 Kf8 26. Rh1 Kg7 27. Bc1 Re8
28. Bd2 f5 29. gxf5 gxf5 30. Rh5 Ref8 31. Rg5+ Kh8 32. exf5 Rxf5 33. Rxf5 Rxf5
34. Ke4 Rh5 35. fxe5 Rxe5+ 36. Kxd4 Rf5 37. g4 Rf2 38. Ke3 Rg2 39. Bb4 Rg3+ 40.
Ke2 Rg2+ 41. Kf3 Rg3+ 42. Ke2 Rg2+ 43. Ke3 Rg3+ 44. Kd2 Rg2+ 45. Kc1 Rxa2 46.
Bxd6 cxd6 47. Rc8+ Kg7 48. Rc7+ Kf6 49. Rxh7 Ke5 50. Rxb7 Kxd5 51. Rb4 Rg2 52.
Ra4 Kc5 53. Rxa6 Rxg4 54. Kc2 Rg1 55. Ra5+ Kb4 56. Ra4+ Kb5 57. Kc3 Rb1 58. Rc4
1/2-1/2

[Event "24. European Club Cup 2008"]
[Site "Kallithea GRE"]
[Date "2008.10.22"]
[Round "6.18"]
[White "Ledger, Stephen C"]
[Black "Romanelli, Robert"]
[Result "1/2-1/2"]
[WhiteElo "2151"]
[BlackElo "1970"]
[PlyCount "30"]
[EventDate "2008.10.17"]
[EventType "team-swiss"]
[EventRounds "7"]
[EventCountry "GRE"]
[Source "lmi"]
[SourceDate "2008.10.17"]
[WhiteTeam "Betsson"]
[BlackTeam "Charleroi"]

1. d4 d5 2. Nf3 c5 3. c3 e6 4. Bf4 Nc6 5. e3 Nf6 6. Nbd2 Be7 7. h3 c4 8. Be2 b5
9. a3 a5 10. Ne5 Nxe5 11. Bxe5 O-O 12. Bf3 Bb7 13. Qc2 Qd7 14. O-O Rfc8 15.
Rfb1 Bc6 1/2-1/2

[Event "24. European Club Cup 2008"]
[Site "Kallithea GRE"]
[Date "2008.10.22"]
[Round "6.19"]
[White "Swinkels, Robin"]
[Black "Mastrovasilis, Dimitrios"]
[Result "1/2-1/2"]
[WhiteElo "2451"]
[BlackElo "2572"]
[PlyCount "20"]
[EventDate "2008.10.17"]
[EventType "team-swiss"]
[EventRounds "7"]
[EventCountry "GRE"]
[Source "lmi"]
[SourceDate "2008.10.17"]
[WhiteTeam "Eynatten"]
[BlackTeam "ESTH Thessaloniki"]

1. e4 c5 2. Nf3 Nc6 3. d4 cxd4 4. Nxd4 Qc7 5. Nc3 e6 6. Be3 a6 7. Qd2 Nf6 8.
O-O-O Bb4 9. f3 O-O 10. Kb1 d5 1/2-1/2

[Event "24. European Club Cup 2008"]
[Site "Kallithea GRE"]
[Date "2008.10.22"]
[Round "6.19"]
[White "Mastrovasilis, Athanasios"]
[Black "Dambacher, Martijn"]
[Result "0-1"]
[WhiteElo "2495"]
[BlackElo "2485"]
[PlyCount "84"]
[EventDate "2008.10.17"]
[EventType "team-swiss"]
[EventRounds "7"]
[EventCountry "GRE"]
[Source "lmi"]
[SourceDate "2008.10.17"]
[WhiteTeam "ESTH Thessaloniki"]
[BlackTeam "Eynatten"]

1. d4 d5 2. c4 e6 3. Nc3 Nf6 4. cxd5 exd5 5. Bg5 Be7 6. e3 O-O 7. Bd3 Nbd7 8.
Nf3 Re8 9. Qc2 Nf8 10. O-O c6 11. h3 g6 12. Bh6 Bd6 13. Rae1 Ne6 14. e4 dxe4
15. Nxe4 Nxe4 16. Rxe4 Bf8 17. Qd2 Qf6 18. Rfe1 Bd7 19. Ne5 Bxh6 20. Qxh6 Qg5
21. Nxf7 Kxf7 22. Qxh7+ Ng7 23. Bc4+ Kf6 24. Re5 Qf4 25. Bd3 Bf5 26. Bxf5 gxf5
27. g3 Qxd4 28. Rxe8 Rxe8 29. Rxe8 Nxe8 30. Qxb7 Qd1+ 31. Kg2 Qd5+ 32. Kg1 a5
33. h4 Nd6 34. Qb8 Nf7 35. b3 Ne5 36. Qh8+ Ke7 37. Qg7+ Kd6 38. Qh6+ Kc7 39.
Qf4 Kb7 40. h5 Nf3+ 41. Kf1 Qd1+ 42. Kg2 Ne1+ 0-1

[Event "24. European Club Cup 2008"]
[Site "Kallithea GRE"]
[Date "2008.10.22"]
[Round "6.19"]
[White "Roeder, Matthias"]
[Black "Iotov, Valentin"]
[Result "1/2-1/2"]
[WhiteElo "2432"]
[BlackElo "2532"]
[PlyCount "20"]
[EventDate "2008.10.17"]
[EventType "team-swiss"]
[EventRounds "7"]
[EventCountry "GRE"]
[Source "lmi"]
[SourceDate "2008.10.17"]
[WhiteTeam "Eynatten"]
[BlackTeam "ESTH Thessaloniki"]

1. Nf3 Nf6 2. c4 e6 3. g3 a6 4. Bg2 b5 5. b3 c5 6. O-O Bb7 7. Nc3 Qb6 8. d4
cxd4 9. Qxd4 Qxd4 10. Nxd4 Bxg2 1/2-1/2

[Event "24. European Club Cup 2008"]
[Site "Kallithea GRE"]
[Date "2008.10.22"]
[Round "6.19"]
[White "Iskos, Alexandros"]
[Black "Coenen, Norbert"]
[Result "1/2-1/2"]
[WhiteElo "2091"]
[BlackElo "2357"]
[PlyCount "135"]
[EventDate "2008.10.17"]
[EventType "team-swiss"]
[EventRounds "7"]
[EventCountry "GRE"]
[Source "lmi"]
[SourceDate "2008.10.17"]
[WhiteTeam "ESTH Thessaloniki"]
[BlackTeam "Eynatten"]

1. e4 c5 2. Nf3 e6 3. d3 Nc6 4. g3 g6 5. Bg2 Bg7 6. O-O Nge7 7. c3 O-O 8. Be3
b6 9. Nh4 d5 10. f4 d4 11. Bc1 dxc3 12. bxc3 f5 13. e5 Rb8 14. Nf3 Ba6 15. Ng5
Qd7 16. Qb3 Bc8 17. Rd1 Na5 18. Qc2 h6 19. Nf3 Bb7 20. Na3 Rfd8 21. Bb2 Bc6 22.
Qe2 Qc7 23. d4 c4 24. Nc2 Nd5 25. Nb4 Bb7 26. Ne1 Rbc8 27. Rac1 Qd7 28. Nec2
Bf8 29. Nxd5 Bxd5 30. Bxd5 Qxd5 31. Ba3 Bxa3 32. Nxa3 b5 33. Nc2 Nc6 34. Rb1
Rb8 35. Qg2 Ne7 36. Ne3 Qxg2+ 37. Kxg2 a5 38. a3 Kf7 39. Rd2 g5 40. Rdb2 Nd5
41. Nxd5 Rxd5 42. Kf3 Kg6 43. Ke3 Kh5 44. a4 b4 45. cxb4 c3 46. Rb3 gxf4+ 47.
gxf4 Rbd8 48. Rxc3 Rxd4 49. bxa5 Re4+ 50. Kf3 Rdd4 51. a6 Rxf4+ 52. Kg3 Rg4+
53. Kf3 Rgf4+ 54. Ke3 Rxa4 55. Rb6 Rh4 56. Kd3 Rh3+ 57. Kc2 Rxh2+ 58. Kb3 Rha2
59. Rcc6 R2a3+ 60. Kb2 f4 61. Rxe6 Ra2+ 62. Kb3 R2a3+ 63. Kb2 f3 64. Rxh6+ Kg5
65. Rbf6 Ra2+ 66. Kb3 R2a3+ 67. Kb2 Ra2+ 68. Kb3 1/2-1/2

[Event "24. European Club Cup 2008"]
[Site "Kallithea GRE"]
[Date "2008.10.22"]
[Round "6.21"]
[White "Feygin, Michael"]
[Black "Georgiev, Krum"]
[Result "1/2-1/2"]
[WhiteElo "2569"]
[BlackElo "2453"]
[PlyCount "37"]
[EventDate "2008.10.17"]
[EventType "team-swiss"]
[EventRounds "7"]
[EventCountry "GRE"]
[Source "lmi"]
[SourceDate "2008.10.17"]
[WhiteTeam "Eupen"]
[BlackTeam "Galaxias Thessaloniki"]

1. e4 c5 2. Nf3 d6 3. d4 cxd4 4. Nxd4 Nf6 5. Nc3 a6 6. Be3 e6 7. g4 b5 8. g5
Nfd7 9. a3 Bb7 10. h4 Be7 11. Qg4 Nc5 12. O-O-O Nbd7 13. h5 Rc8 14. Rh3 O-O 15.
f3 Qb6 16. g6 Bf6 17. h6 fxg6 18. hxg7 Rf7 19. Be2 1/2-1/2

[Event "24. European Club Cup 2008"]
[Site "Kallithea GRE"]
[Date "2008.10.22"]
[Round "6.21"]
[White "Kanakaris, Georgios"]
[Black "Glek, Igor"]
[Result "0-1"]
[WhiteElo "2342"]
[BlackElo "2512"]
[PlyCount "116"]
[EventDate "2008.10.17"]
[EventType "team-swiss"]
[EventRounds "7"]
[EventCountry "GRE"]
[Source "lmi"]
[SourceDate "2008.10.17"]
[WhiteTeam "Galaxias Thessaloniki"]
[BlackTeam "Eupen"]

1. d4 d6 2. Nf3 Nf6 3. g3 c5 4. dxc5 Qa5+ 5. c3 Qxc5 6. Bg2 g6 7. O-O Bg7 8.
Na3 O-O 9. Be3 Qh5 10. Bg5 Nc6 11. Bxf6 Bxf6 12. Nc2 d5 13. Ne3 Rd8 14. Qb3 Rb8
15. Rad1 Be6 16. Nd4 Bxd4 17. Bf3 Qe5 18. cxd4 Nxd4 19. Qa3 Nxf3+ 20. exf3 Qd6
21. Qxd6 Rxd6 22. Rd4 Rbd8 23. Rfd1 f6 24. f4 Bf7 25. f5 gxf5 26. Nxf5 R6d7 27.
Nh6+ Kg7 28. Nf5+ Kf8 29. Ra4 e6 30. Nh4 b6 31. f4 Rc8 32. Rd2 Rdc7 33. Nf3 a5
34. h3 Rc1+ 35. Kf2 Rh1 36. Kg2 Rcc1 37. g4 Bg6 38. f5 Be8 39. Ra3 exf5 40.
gxf5 Rhd1 41. Rad3 Rxd2+ 42. Rxd2 Rc5 43. Nd4 Bd7 44. Kg3 Ke7 45. Nb3 Rc4 46.
Rxd5 Rc2 47. Rd2 Bxf5 48. Rxc2 Bxc2 49. Nd4 Bb1 50. a3 Kd6 51. Kf4 Kd5 52. Nb3
Bc2 53. Nd2 Kd4 54. Nf1 Bb3 55. Nd2 Bd5 56. h4 Kd3 57. Nf1 a4 58. Ne3 Be6 0-1

[Event "24. European Club Cup 2008"]
[Site "Kallithea GRE"]
[Date "2008.10.22"]
[Round "6.21"]
[White "Ahn, Martin"]
[Black "Papadopoulos, Panayotis"]
[Result "1-0"]
[WhiteElo "2321"]
[BlackElo "1885"]
[PlyCount "35"]
[EventDate "2008.10.17"]
[EventType "team-swiss"]
[EventRounds "7"]
[EventCountry "GRE"]
[Source "lmi"]
[SourceDate "2008.10.17"]
[WhiteTeam "Eupen"]
[BlackTeam "Galaxias Thessaloniki"]

1. e4 c5 2. Nf3 e6 3. d4 cxd4 4. Nxd4 Nf6 5. Nc3 Nc6 6. Be2 Bb4 7. O-O Bxc3 8.
bxc3 Nxe4 9. Bd3 Nc5 10. Qg4 g6 11. Nxc6 bxc6 12. Qd4 O-O 13. Qxc5 f5 14. Rb1
a5 15. c4 a4 16. Bd2 Qh4 17. f4 h5 18. Bc3 1-0

[Event "24. European Club Cup 2008"]
[Site "Kallithea GRE"]
[Date "2008.10.22"]
[Round "6.21"]
[White "Karagiannis, Athanasios"]
[Black "Petzold, Klaus"]
[Result "1/2-1/2"]
[WhiteElo "2341"]
[BlackElo "2241"]
[PlyCount "192"]
[EventDate "2008.10.17"]
[EventType "team-swiss"]
[EventRounds "7"]
[EventCountry "GRE"]
[Source "lmi"]
[SourceDate "2008.10.17"]
[WhiteTeam "Galaxias Thessaloniki"]
[BlackTeam "Eupen"]

1. d4 d5 2. Nc3 e6 3. e4 dxe4 4. Nxe4 Nd7 5. Nf3 Ngf6 6. Nxf6+ Nxf6 7. Bd3 c5
8. O-O Qc7 9. c3 Bd6 10. Bg5 b6 11. dxc5 Bxc5 12. Qe2 O-O 13. Bxf6 gxf6 14. Qe4
f5 15. Qh4 Qe7 16. Qh6 Rd8 17. Rad1 Qf8 18. Qg5+ Kh8 19. Qh5 Qg7 20. Ng5 Rf8
21. Be2 h6 22. Nf3 Rg8 23. g3 f4 24. Ne5 f6 25. Nf7+ Kh7 26. g4 Rf8 27. Nd6 Qg5
28. Nxc8 Qxh5 29. gxh5 Rg8+ 30. Kh1 Raxc8 31. Bc4 Rce8 32. b4 Bf8 33. Rfe1 Rg5
34. Bxe6 Kh8 35. Bf7 Rxe1+ 36. Rxe1 Re5 37. Rg1 Bd6 38. Rg8+ Kh7 39. Kg2 Rg5+
40. Rxg5 fxg5 41. Kf3 Kg7 42. Bb3 Be5 43. c4 Bc3 44. c5 Bxb4 45. c6 Bd6 46. Ke4
Kf6 47. h3 Bc7 48. Bc4 Be5 49. Be2 Bc7 50. Kd5 Be5 51. Kc4 Ke7 52. Kd5 Bc7 53.
Bf3 Bd6 54. Be4 Bb8 55. Kc4 a6 56. Kd5 Bd6 57. Bf5 Bc7 58. Bc8 a5 59. a4 Bd6
60. Bg4 Bc7 61. Bf3 Bd6 62. Be4 Bc7 63. Kc4 Bd8 64. Bf3 Ke6 65. Kb5 Kd6 66. Bg2
Kc7 67. Kc4 Kd6 68. Kd4 Ke6 69. Bd5+ Kd6 70. Kc4 Ke5 71. Bf3 Kd6 72. Kd4 Ke6
73. Bg4+ Kf6 74. Kd5 Bc7 75. Bf3 Ke7 76. Bg2 Bd6 77. Kc4 Kd8 78. Kb5 Bc5 79. f3
Kc7 80. Bf1 Bd6 81. Bd3 Bc5 82. Be4 Bd6 83. Kc4 Kd8 84. Bf5 Bc7 85. Kb5 Ke7 86.
Ka6 Kd8 87. Kb7 Bd6 88. Kxb6 Bc7+ 89. Kb5 Ke7 90. Be4 Kd6 91. Ka6 Ke7 92. Ka7
Kd6 93. Kb7 Bd8 94. Ka6 Kc5 95. Kb7 Kd6 96. Bd3 Bc7 1/2-1/2

[Event "24. European Club Cup 2008"]
[Site "Kallithea GRE"]
[Date "2008.10.22"]
[Round "6.22"]
[White "Karttunen, Mika"]
[Black "Macak, Stefan"]
[Result "1/2-1/2"]
[WhiteElo "2411"]
[BlackElo "2546"]
[PlyCount "64"]
[EventDate "2008.10.17"]
[EventType "team-swiss"]
[EventRounds "7"]
[EventCountry "GRE"]
[Source "lmi"]
[SourceDate "2008.10.17"]
[WhiteTeam "Tammer"]
[BlackTeam "Kosice"]

1. d4 e6 2. Nf3 Nf6 3. Bg5 h6 4. Bh4 c5 5. e3 b6 6. Bd3 Bb7 7. O-O Be7 8. Nbd2
d6 9. Bxf6 Bxf6 10. a4 Nc6 11. c3 O-O 12. Qe2 Qd7 13. Ba6 Rad8 14. Bxb7 Qxb7
15. Rab1 d5 16. b4 cxb4 17. cxb4 Be7 18. b5 Na5 19. Nb3 Nxb3 20. Rxb3 Bd6 21.
Rc1 Rc8 22. Rbc3 Rxc3 23. Rxc3 Rc8 24. Qc2 Rxc3 25. Qxc3 Qc7 26. Qxc7 Bxc7 27.
Ne1 Bd6 28. Nd3 h5 29. h3 Kh7 30. g4 g5 31. f3 Kg6 32. Kf2 f5 1/2-1/2

[Event "24. European Club Cup 2008"]
[Site "Kallithea GRE"]
[Date "2008.10.22"]
[Round "6.22"]
[White "Molnar, Peter"]
[Black "Lehtinen, Heikki"]
[Result "1/2-1/2"]
[WhiteElo "2297"]
[BlackElo "2381"]
[PlyCount "141"]
[EventDate "2008.10.17"]
[EventType "team-swiss"]
[EventRounds "7"]
[EventCountry "GRE"]
[Source "lmi"]
[SourceDate "2008.10.17"]
[WhiteTeam "Kosice"]
[BlackTeam "Tammer"]

1. b3 e5 2. Bb2 d6 3. g3 g6 4. Bg2 Bg7 5. e3 c5 6. Ne2 Nc6 7. d3 Nge7 8. Nd2
O-O 9. a3 Be6 10. O-O Qd7 11. c3 Bh3 12. Qc2 Rac8 13. Rad1 h5 14. Nf3 d5 15.
Bc1 f6 16. e4 Kh7 17. c4 dxe4 18. dxe4 Nd4 19. Nexd4 cxd4 20. Bxh3 Qxh3 21. Qe2
Qe6 22. a4 Nc6 23. Ba3 Rfe8 24. Ne1 f5 25. Nd3 Qf7 26. Rde1 Bh6 27. Kg2 f4 28.
f3 Nd8 29. Bc1 Rc6 30. Bd2 Rb6 31. Rb1 Rf6 32. Rf2 Bf8 33. Kh1 Bd6 34. gxf4
exf4 35. Rg1 Bb8 36. Rfg2 Rg8 37. Be1 Rb6 38. Qc2 Qe7 39. Bd2 Rf6 40. Nb4 Rf7
41. Nd5 Qe6 42. Bc1 Qh3 43. Qd1 Ne6 44. Bb2 Be5 45. Nb4 Qh4 46. Nd3 Qf6 47. Rd2
Rd7 48. Qf1 b6 49. Qh3 Rdd8 50. Rgd1 Rg7 51. b4 Kh6 52. Rc1 a5 53. bxa5 bxa5
54. c5 Rb7 55. Rg1 Rb3 56. Rdg2 g5 57. Rd1 Kg6 58. Rc2 Rdb8 59. Rdd2 Rh8 60. c6
g4 61. fxg4 Ng5 62. gxh5+ Kh6 63. Nxe5 Qxe5 64. Qxb3 Qxe4+ 65. Rg2 f3 66. Bc1
fxg2+ 67. Rxg2 Qe1+ 68. Rg1 Qe4+ 69. Rg2 Qe1+ 70. Rg1 Qe4+ 71. Rg2 1/2-1/2

[Event "24. European Club Cup 2008"]
[Site "Kallithea GRE"]
[Date "2008.10.22"]
[Round "6.22"]
[White "Frindt, Kornel"]
[Black "Penttinen, Jarkko"]
[Result "1-0"]
[WhiteElo "2151"]
[BlackElo "2322"]
[PlyCount "77"]
[EventDate "2008.10.17"]
[EventType "team-swiss"]
[EventRounds "7"]
[EventCountry "GRE"]
[Source "lmi"]
[SourceDate "2008.10.17"]
[WhiteTeam "Kosice"]
[BlackTeam "Tammer"]

1. e4 c5 2. Nf3 e6 3. d4 cxd4 4. Nxd4 a6 5. Be2 Nf6 6. Bf3 Qc7 7. O-O Be7 8.
Re1 d6 9. Nc3 Nbd7 10. g3 O-O 11. a4 Rb8 12. a5 Ne5 13. Bg2 Nc4 14. Nb3 Rd8 15.
Qd4 Nd7 16. Ra4 b5 17. axb6 Ncxb6 18. Ra2 Bf6 19. Qe3 Nc4 20. Qd3 a5 21. g4
Nde5 22. Qg3 Nc6 23. g5 Be7 24. Ra1 Nb4 25. Nd4 Qc5 26. Rd1 e5 27. Nf5 Bxf5 28.
exf5 Nxc2 29. f6 Bf8 30. fxg7 Bxg7 31. Ne4 Nd4 32. Nf6+ Kh8 33. Qh4 Bxf6 34.
Be4 Kg8 35. gxf6 Kf8 36. Qxh7 Ke8 37. Rxd4 exd4 38. Bf5 d5 39. Bh6 1-0

[Event "24. European Club Cup 2008"]
[Site "Kallithea GRE"]
[Date "2008.10.22"]
[Round "6.22"]
[White "Mertanen, Janne"]
[Black "Rajnak, Daniel"]
[Result "1/2-1/2"]
[WhiteElo "2308"]
[BlackElo "2198"]
[PlyCount "56"]
[EventDate "2008.10.17"]
[EventType "team-swiss"]
[EventRounds "7"]
[EventCountry "GRE"]
[Source "lmi"]
[SourceDate "2008.10.17"]
[WhiteTeam "Tammer"]
[BlackTeam "Kosice"]

1. d4 d5 2. c4 e6 3. Nc3 Nf6 4. cxd5 exd5 5. Bg5 Be7 6. e3 O-O 7. Bd3 c6 8. Qc2
h6 9. Bh4 Re8 10. Nf3 Ne4 11. Bxe7 Qxe7 12. O-O Nd7 13. Rfe1 f5 14. Rad1 Qf6
15. b4 a6 16. Ne2 Qd6 17. Qb2 b5 18. a4 Nb6 19. a5 Nc4 20. Bxc4 bxc4 21. Nc3
Rb8 22. Rb1 Nxc3 23. Qxc3 Re7 24. Rb2 Reb7 25. Reb1 Be6 26. Ne5 Bf7 27. f3 Bg6
28. f4 Be8 1/2-1/2

[Event "24. European Club Cup 2008"]
[Site "Kallithea GRE"]
[Date "2008.10.22"]
[Round "6.22"]
[White "Tauber, Marek"]
[Black "Kytoniemi, Jyrki"]
[Result "1/2-1/2"]
[WhiteElo "2193"]
[BlackElo "2268"]
[PlyCount "37"]
[EventDate "2008.10.17"]
[EventType "team-swiss"]
[EventRounds "7"]
[EventCountry "GRE"]
[Source "lmi"]
[SourceDate "2008.10.17"]
[WhiteTeam "Kosice"]
[BlackTeam "Tammer"]

1. e4 e6 2. d4 d5 3. Nd2 dxe4 4. Nxe4 Nd7 5. Nf3 Ngf6 6. Nxf6+ gxf6 7. g3 b6 8.
Bg2 Bb7 9. O-O Bg7 10. Re1 O-O 11. c4 c6 12. Nh4 f5 13. d5 cxd5 14. cxd5 Nc5
15. dxe6 fxe6 16. Qe2 Bxg2 17. Nxg2 e5 18. Be3 Qd3 19. Bxc5 1/2-1/2

[Event "24. European Club Cup 2008"]
[Site "Kallithea GRE"]
[Date "2008.10.22"]
[Round "6.23"]
[White "Bae, Torstein"]
[Black "Van Der Werf, Mark"]
[Result "0-1"]
[WhiteElo "2404"]
[BlackElo "2414"]
[PlyCount "66"]
[EventDate "2008.10.17"]
[EventType "team-swiss"]
[EventRounds "7"]
[EventCountry "GRE"]
[Source "lmi"]
[SourceDate "2008.10.17"]
[WhiteTeam "av 1911"]
[BlackTeam "LSG"]

1. d4 d5 2. c4 e6 3. Nc3 c6 4. Nf3 dxc4 5. a4 Bb4 6. e3 b5 7. Bd2 a5 8. axb5
Bxc3 9. Bxc3 cxb5 10. b3 Bb7 11. bxc4 b4 12. Bb2 Nf6 13. Bd3 Nbd7 14. O-O O-O
15. Re1 Qc7 16. c5 Bc6 17. Bc2 Rfb8 18. Bb3 Qb7 19. Nd2 Rd8 20. f3 Qc7 21. Qc2
e5 22. Nc4 exd4 23. exd4 Bd5 24. Nd6 Bxb3 25. Qxb3 Nxc5 26. Qc2 Qxd6 27. dxc5
Qd2 28. Re2 Qxc2 29. Rxc2 a4 30. c6 a3 31. c7 Rdc8 32. Bxf6 gxf6 33. Rd1 b3 0-1